ՀՀ Գիտությունների ազգային ակադեմիայի հիմնարար գիտական գրադարան  =   Fundamental Scientific Library of NAS RA

Ռադիոէլեկտրոնային միջոցների կոնստրուկտավորում և տեխնոլոգիա : (Record no. 363859)

MARC details
000 -LEADER
fixed length control field 01726nam a2200253 a 4500
001 - CONTROL NUMBER
control field 001133541
003 - CONTROL NUMBER IDENTIFIER
control field AM-YeHGA
005 - DATE AND TIME OF LATEST TRANSACTION
control field 20250618074507.0
008 - FIXED-LENGTH DATA ELEMENTS--GENERAL INFORMATION
fixed length control field 160304s2015 ai ||||er|||||000|0|arm|d
020 ## - INTERNATIONAL STANDARD BOOK NUMBER
International Standard Book Number 9789939723136
040 ## - CATALOGING SOURCE
Original cataloging agency AM-YeHGA
041 0# - LANGUAGE CODE
Language code of text/sound track or separate title arm
090 ## - LOCALLY ASSIGNED LC-TYPE CALL NUMBER (OCLC); LOCAL CALL NUMBER (RLIN)
-- 365711
245 00 - TITLE STATEMENT
Title Ռադիոէլեկտրոնային միջոցների կոնստրուկտավորում և տեխնոլոգիա :
Remainder of title Քննական թեստերի, խնդիրների և հարցերի ժողովածու /
Statement of responsibility, etc. ՀՀ Կրթ. և Գիտ. նախ., ՀԱՊՀ. ՌևԿՀ ֆակ. ՌԿ և արտ. ամբիոն. ; Կազմ.` Վ.Ե. Առուստամյան, Գ.Ե. Այվազյան, Գ.Վ. Ջավահիրյան.
260 ## - PUBLICATION, DISTRIBUTION, ETC.
Place of publication, distribution, etc. Երևան :
Name of publisher, distributor, etc. Ճարտարագետ,
Date of publication, distribution, etc. 2015.
300 ## - PHYSICAL DESCRIPTION
Extent 56 էջ.
530 ## - ADDITIONAL PHYSICAL FORM AVAILABLE NOTE
Additional physical form available note Էլեկտրոնային պաշարը հասանելի է ՀՊՃՀ-ի գրադարանի էլեկտրոնային ընթերցասրահում :
Uniform Resource Identifier <a href="http://libsrv.seua.am/chair_publications/2330E.pdf">http://libsrv.seua.am/chair_publications/2330E.pdf</a>
650 14 - SUBJECT ADDED ENTRY--TOPICAL TERM
Topical term or geographic name entry element ՌԷՄ կոնստրուկտավորում և տեխնոլոգիա
700 1# - ADDED ENTRY--PERSONAL NAME
Personal name Առուստամյան, Վլադիմիր Երվանդի
Relator term կազմ.
Relationship com
9 (RLIN) 2466
700 1# - ADDED ENTRY--PERSONAL NAME
Personal name Այվազյան, Գագիկ Երջանիկի
Relator term կազմ.
Relationship com
700 1# - ADDED ENTRY--PERSONAL NAME
Personal name Ջավահիրյան, Գայանե Վրեժիկի
Relator term կազմ.
Relationship com
710 2# - ADDED ENTRY--CORPORATE NAME
Corporate name or jurisdiction name as entry element ՀՀ կրթության և գիտության նախարարություն
9 (RLIN) 8625
710 2# - ADDED ENTRY--CORPORATE NAME
Corporate name or jurisdiction name as entry element Հայաստանի ազգային պոլիտեխնիկական համալսարան.
Subordinate unit Ռադիոտեխնիկայի և կապի համակարգերի ֆակուլտետ.
-- Ռադիոսարքավորումների կոնստրուկտավորման և արտադրություն ամբիոն
Holdings
Withdrawn status Lost status Damaged status Not for loan Collection Home library Current library Date acquired Cost, normal purchase price Shelving control number Total checkouts Full call number Barcode Date last seen Price effective from Koha item type Public note
        General Fundamental Scientific Library Fundamental Scientific Library 11/01/2017 230.00     AII/101464 FL0398380 11/01/2017 11/01/2017 Գրքեր / Books 30 Days Loan
        General Fundamental Scientific Library Fundamental Scientific Library 11/01/2017 230.00     AII/101465 FL0398379 11/01/2017 11/01/2017 Գրքեր / Books 30 Days Loan


ՀՀ ԳԱԱ հիմնարար գիտական գրադարան
ՀՀ,Երևան 0019
Մարշալ Բաղրամյան 24/6
հեռախոս:(374-10) 52-47-50
Հետադարձ կապ

All site content, except where otherwise noted, is licensed under a
Creative Commons License